Brawl Stars Brawlers by Descriptions (LEGACY) - Statistics

General Stats
  • This quiz has been taken 340 times
    284 since last reset
  • The average score is 42 of 70
Answer Stats
Description Brawler % Correct
______ was built to plant life, launching bouncy Seed Bombs with reckless love. ___ Super creates a plant-based obstacle! Sprout
96%
______ dashes forward with each swing of ___ shovel. As ___ Super attack, __ sends a cloud of bats to damage enemies and heal ___self! Mortis
94%
___ goes fast! ___ attack is a fast-firing blaster. ___ Super speeds up ___ and allies! Max
83%
When _____'s not lighting up the battle with rockets, __'s lighting up the dance floor with ___ smooth moves. Brock
80%
______ has a powerful double-shotgun attack. ___ Super move is a reckless roll inside ___ bouncy barrel! Darryl
80%
______'s spread-fire shotgun blasts the other team with buckshot. ___ Super destroys cover and keeps ___ opponents at a distance! Shelly
76%
_____ works ___ Jackhammer to shake up the ground and nearby enemies. ___ Super pulls in nearby foes, leaving them in the dust! Jacky
75%
_____'s sniper shots do more damage the farther they travel. ___ Super drops grenades at ___ feet, while _____ ___self leaps away! Piper
75%
____ fires a burst of bullets that bounce off walls. ___ Super burst is a long barrage of bouncy bullets that pierce targets! Rico
75%
______ readily serves up the finest beverages in Starr Park. Dirty ___ bar though and steam comes out and bottles start flying! Barley
74%
_____ swings ___ hammer at enemies, sending a shockwave. ___ Super is an especially powerful blow that stuns enemies! Frank
74%
A former factory hand, ___ _______ has a vendetta against ALL robots. __'s the brawn behind the brains of the Goldarm Gang, always happy to take the loot and give robots the boot! Sam
71%
____ deals massive damage up close with ___ shotgun. For ___ Super move, __ charges through barriers and knocks back enemies! Bull
69%
Gardener and caretaker of the Enchanted Forest. Obsesses over mushrooms and is hostile towards strangers. Cordelius
68%
Batter up! ____'s got a sweet swing that can knock back enemies when ___ Home Run bar is charged. ___ super is a bouncing ball of gum that deals damage. Bibi
67%
____ throws ___ Pickaxe like a boomerang. ___ Super is a crazy cart spin that clobbers anyone around ___. Carl
67%
___ attacks with blasts of hair spray that deal damage over time, and slows down opponents with ___ Super. Emz
67%
__ fires three explosive arrows toward ___ targets. ___ Super ability places a trio of hidden, explosive mines on the ground! Bo
66%
Edgy and with a hands-off attitude, _____ prefers to throw punches with ___ scarf. With ___ Super, _____ jumps into the fray swinging ___ scarf around ___self. Edgar
66%
_____ is the proprietor of Starr Park's gift shop. Business is bad, but __ still throws coins away --- from ___ employees' tip jar! Griff
66%
If you feel low on sugar, drop by _____'s Rainbow Candy Shop. Remember kids - you'll always feel dandy with _____'s Candy! Mandy
66%
_____ is a sleep-deprived Brawler with powerful control over sand: casting sharp pebbles at enemies, and summoning a sandstorm to hide teammates. Sandy
66%
____ shoots a quick salvo of blades at ___ target. ___ Super trick is a smoke bomb that makes ___ invisible for a little while! Leon
65%
__'s a protector with a penchant for parties. _____ attacks foes with energy drink blasts that split in two on contact. ___ Super upgrades ___ stats in 3 stages and comes complete with totally awesome body mods! Surge
65%
____ is the lifeguard at Velocirapids. __ constantly scans for folks in trouble __ can throw ___ torpedo buoy to, but ___ throws are often overenthusiastic. Buzz
64%
_-___ lumbers along like an arcade cabinet on legs. __ shoots Blaster Beams and ___ Super boosts friendlies' damage! 8-Bit
63%
____ strikes ___ enemies with a thunderous shockwave. ___ Super summons a massive bear to fight by ___ side! Nita
63%
__ _____ throws a flurry of punches at ___ enemies. ___ Super is a leaping elbow drop that deals damage to all caught underneath! El Primo
62%
___ is a stunt driver extraordinaire with gasoline in ___ veins! __ makes a big entrance, burning serious rubber all over the stage. Stu
62%
_____ is the star of the show, and ___'s not afraid to let everyone around ___ know about it. If only ___ sister ______ wouldn't constantly get into trouble... Janet
61%
Part guide and part act____ and full ____, ____ is THE leading ____ of Brawlywood. ___ attacks with ___ scarf and ___ Super is a channeled manifestation of ___ Ego. Lola
61%
___ is a cool guy, literally! __ can dole out all kinds of chill stuff. But watch your step on the ice, and be careful not to get brain freeze! Lou
61%
___ shoots from the hip, peppering targets with shrapnel. ___ Super is a healing turret that restores ___ and teammates' health! Pam
61%
_____ inspires adoration in ___ gang, while ___ Electo-Rifle brings shock and awe to any opponent! Belle
60%
___ has a basic form and an advanced form where ___ hops inside ___ trusted Mecha. The Mecha loses health over time and has low healing ability. Destroying the Mecha returns ___ to ___ basic form. Meg
60%
What's in the cards for you? This mystic from a far land has come to read your fortune. It says simply: DEFEAT! Tara
59%
___ loves bugs and hugs. ___ shoots ___ mechanical drones at range, and ___ Super sends forth an angry army of swarming bees! Bea
57%
____ uses ___ magic lamp to shoot a splitting projectile. ___ super is a magical hand that grabs and pulls enemies close! Gene
57%
Watch___ ____'s priority is to keep guard. __ throws ___ trusty radio at ___ enemies. ___ Super is a big bad bomb that breaks walls and pushes back enemies! Grom
57%
______'s Shock Rifle shoots energy orbs that bounce between enemies. ___ Super deploys a cute but deadly gun turret! Jessie
57%
__. _ is a disgruntled luggage handler who angrily hurls suitcases at opponents. ___ Super calls robo-porters to help him. Mr. P
57%
__ may bark orders at his subordinates, but _______ _____ is a very good ___! Possessing a serious and calm demeanor, _____ keeps ___ dog traits hidden, unless there's a game of fetch going on! Ruffs
57%
_____ throws cactus grenades that send needles flying, and a show-stopping Super: a field of cactus spines that slows down and damages enemies! Spike
56%
____ is a metal ball of barely controlled excitement and energy --- explosive energy! __ throws mines, and ___ Super makes ___ head detach, seek a target and explode. Tick
56%
___ easily gets furious about all the junk __ has to clean up. Dealing or receiving blows, even more so. The Fury makes him faster and more dangerous, but eventually __ cools down. Ash
55%
_____ deals with potent medicaments, but never call ___ a snake oil sales___! Byron
55%
____'s hot dogs will extend your friends' shelf life. Doug
55%
____ kicks first and __ kicks fast. ___ main attack is a hefty kick that sends ___ shoe flying! ____'s Super is a powerful kick that will chain hit multiple enemies who are close together. Fang
55%
Operating the projector at the movie theater, ______ has ___ favorite action movies memorized. __ dreams to someday become and action hero in ___ own blockbuster movie. Buster
54%
____ is a tireless handy___ who gets no rest. With ___ blower, __ blasts foes with a wide shot of wind and snow, while ___ Super pushes them back with a forceful blizzard! Gale
54%
Hanging out in a long forgotten and abandoned train ride, ___ loves balloons. __'s a master at crafting balloon animals, which __ uses to pass the time and to keep ___self company. Gus
54%
____ fires damaging sound waves at enemies. ___ Super can heal both ____ ___self and ___ teammates! Poco
54%
This boxing botanist will plant ___ feet and go toe to toe! ___ Super gives ___ tough, vegan protective gear. Rosa
54%
___ believes that everyone can be valuable... as a resource for ___ babies. Eve
52%
Compensating much? ____ is rarely seen outside ___ over-sized tank. Hank
52%
A rebel without a cause, mischievous _____ rules the "high seas". ___'s a bonafide menace on the lookout for adventure and will stop at nothing for plunder. Penny
52%
____ is a street artist who chills in the deep with ___ starfish pal ___. Together they throw up graffiti pieces all over Starr Park. Otis
51%
______ and ___ inanimate cannon "_____" are usually up to no good. Who would have thought that this cute little ____ would cause so much mayhem? Bonnie
50%
Long thought lost deep down a mine. Mad ________ is back --- and __'s itching to blow everything to smithereens! Dynamike
50%
Lovable? Maybe.Frightening? Without a doubt. Controlling? 100%. Willow
50%
Lost in Starr Park? No worries, friend! _-_ is watching you! Erm, no. __'s watching OVER you. Yes. That. Totally. R-T
49%
This enigmatic creature just appeared in town one day. Nobody dares to ruffle ___ feathers --- not anymore. Crow
46%
What's the meaning of Orthochromatic? ____ would tell you, but __ doesn't speak much. Gray
45%
_____ has always been a firebug. ___ loves to light up the world and any opponents that come at ___. Amber
44%
As ___. ____'s accidental creation, ______ was born to play fetch! Squeak
44%
_______ is going to get you! ___ taxes opponents' health and has fancy moves to boot. Colette
38%
____ loves ___ friends and looks over them with a watchful lens. ___ handles threats with angled shots, and ___ Super allows ____ to commandeer ___ pal ____, who goes out with a bang! Nani
37%
What's in the box? Limitation of Liability: Under no circumstances shall Starr Corporation or its affiliates, partners, suppliers, or licensors be liable for any indirect, incidental, ... Chester
34%
POP POP POP! Is that popcorn or enemies succumbing? Maisie
31%
An unlikely hero that often finds ___self in the wrong place at the right time. __'s not one to shy away from a mirror and is simply brimming with confidence. Colt
27%
No matching quizzes found
Score Distribution
Percent of People with Each Score
Percentile by Number Answered
Your Score History
You have not taken this quiz since the last reset